000 00361nam a2200145Ia 4500
008 230917s9999||||xx |||||||||||||| ||und||
040 _e75424
_aMAIN
041 _aEnglish
082 _a658.8 A44M
100 _aAcharya, B K
245 0 _aMarketing and sales management
260 _aBombay
_bHimalaya Publishing House
_c1985
300 _a727 p.
942 _cBK
999 _c48639
_d48639